000 01018na a2200265 4500
001 16781
003 MIRAKIL
005 20181213154833.0
008 161013b tu 000 0
020 _a9789753650151
035 _a16781
040 _aMilas
_btur
_cTR-AnCHP
041 _atur
082 _a342.0853
_bT96t 2014
090 _a342.0853 T96t 2014
110 _aTürkiye Yayıncılar Birliği
245 _aTürkiye'de yayınlama özgürlüğü mücadelesinin 20 yılı
_bDüşünce ve ifade özgürlüğü ödülleri ve yayınlama özgürlüğü raporları 1994 - 2014
_cTürkiye Yayıncılar Birliği; yayına hazırlayan Yonca Cingöz
246 _aDüşünce ve ifade özgürlüğü ödülleri ve yayınlama özgürlüğü raporları
260 _aİstanbul
_bTürkiye Yayıncılar Birliği
_c2014
300 _a275 s.
_c24 sm.
650 _aBasın özgürlüğü
_xTarih
_zTürkiye
650 _aHukuk
_xAnayasa Hukuku
_yDüşünce özgürlüğü
700 _aCingöz, Yonca
942 _2dcc
_cBKS
999 _c1762
_d1762